Súčasné trendy v oblasti návrhu a vývoja web aplikácií diplomová práca

Salvato in:
Dettagli Bibliografici
Autore principale: Féderová, Lenka
Ente Autore: Fakulta hospodárskej informatiky EU. Katedra aplikovanej informatiky
Altri autori: Škurla, Peter
Natura: Libro
Lingua:slovacco
Pubblicazione: Bratislava 2011
Tags: Aggiungi Tag
Nessun Tag, puoi essere il primo ad aggiungerne!!

MARC

LEADER 00000nbm a2200000 4500
001 0140915
005 20161109101959.5
041 0 |a slo 
044 |a SK 
245 1 0 |a Súčasné trendy v oblasti návrhu a vývoja web aplikácií  |b diplomová práca  |c Lenka Féderová ; školiteľ: Peter Škurla 
264 1 |a Bratislava  |c 2011 
300 |a 51 s. 
100 1 |a Féderová, Lenka 
700 1 |a Škurla, Peter 
710 2 |a Fakulta hospodárskej informatiky EU. Katedra aplikovanej informatiky